Stronger than steel : (Record no. 6566)
[ view plain ]
| 000 -LEADER | |
|---|---|
| fixed length control field | 00869nam a2200289i 4500 |
| 001 - CONTROL NUMBER | |
| control field | 6420714 |
| 003 - CONTROL NUMBER IDENTIFIER | |
| control field | OSt |
| 005 - DATE AND TIME OF LATEST TRANSACTION | |
| control field | 20190117152141.0 |
| 008 - FIXED-LENGTH DATA ELEMENTS--GENERAL INFORMATION | |
| fixed length control field | 800602s1980 cau 00010bengm |
| 010 ## - LIBRARY OF CONGRESS CONTROL NUMBER | |
| LC control number | 80007746 |
| 020 ## - INTERNATIONAL STANDARD BOOK NUMBER | |
| International Standard Book Number | 0060675020 |
| 040 ## - CATALOGING SOURCE | |
| Original cataloging agency | DLC |
| Transcribing agency | DLC |
| Modifying agency | m.c. |
| -- | CIN |
| 043 ## - GEOGRAPHIC AREA CODE | |
| Geographic area code | n-us--- |
| 050 0# - LIBRARY OF CONGRESS CALL NUMBER | |
| Classification number | HD6338.2.U5 |
| Item number | S67 1980 |
| 082 ## - DEWEY DECIMAL CLASSIFICATION NUMBER | |
| Classification number | 658.3 |
| Item number | S771S |
| 100 10 - MAIN ENTRY--PERSONAL NAME | |
| Personal name | Sproul, R. C. |
| Fuller form of name | (Robert Charles), |
| Dates associated with a name | 1939- |
| 245 10 - TITLE STATEMENT | |
| Title | Stronger than steel : |
| Remainder of title | the Wayne Alderson story / |
| Statement of responsibility, etc. | by R. C. Sproul |
| 250 ## - EDITION STATEMENT | |
| Edition statement | 1st ed |
| 260 0# - PUBLICATION, DISTRIBUTION, ETC. | |
| Place of publication, distribution, etc. | San Francisco : |
| Name of publisher, distributor, etc. | Harper & Row, |
| Date of publication, distribution, etc. | c1980 |
| 263 ## - PROJECTED PUBLICATION DATE | |
| Projected publication date | 8009 |
| 300 ## - PHYSICAL DESCRIPTION | |
| Extent | x, 208 p. : |
| Other physical details | ill. |
| Dimensions | 22 cm |
| 600 10 - SUBJECT ADDED ENTRY--PERSONAL NAME | |
| Personal name | Alderson, Wayne |
| 650 #0 - SUBJECT ADDED ENTRY--TOPICAL TERM | |
| Topical term or geographic name entry element | Labor |
| General subdivision | Religious aspects |
| -- | Christianity |
| Geographic subdivision | United States |
| 650 #0 - SUBJECT ADDED ENTRY--TOPICAL TERM | |
| Topical term or geographic name entry element | Industrial relations |
| Geographic subdivision | United States |
| 650 #0 - SUBJECT ADDED ENTRY--TOPICAL TERM | |
| Topical term or geographic name entry element | Business consultants |
| Geographic subdivision | United States |
| General subdivision | Biography |
| 942 ## - ADDED ENTRY ELEMENTS (KOHA) | |
| Source of classification or shelving scheme | Dewey Decimal Classification |
| Koha item type | Books |
| Withdrawn status | Lost status | Source of classification or shelving scheme | Damaged status | Not for loan | Collection code | Home library | Current library | Shelving location | Date acquired | Cost, normal purchase price | Total Checkouts | Full call number | Barcode | Date last seen | Price effective from | Koha item type |
|---|---|---|---|---|---|---|---|---|---|---|---|---|---|---|---|---|
| Dewey Decimal Classification | Non-fiction | Harvest Mission College | Harvest Mission College | General Stacks | 17.01.2019 | 4560.00 | 658.3 S771S | 007601 | 17.01.2019 | 17.01.2019 | Books |
